000 01372nam a2200373 i 4500
001 57222
003 CO-BoRNBP
005 20250605153218.0
007 ta
008 210719r20062015ag ao jr 000 0 spa d
020 _a9789871217106
040 _aCO-BoRNBP
_bspa
_erda
_cCO-BoRNBP
041 0 _aspa
082 0 4 _a791.4309
_bC27c
_222
100 1 _aCerdá, Marcelo
_eautor
_959965
245 1 3 _aEl cine no fue siempre así
_cMarcelo Cerdá... [y otros dos] ; ilustraciones de Javier Basile ; edición: Carla Baredes, Beatriz Frenkel
250 _aPrimera edición
_bTercera reimpresión
264 1 _aBuenos Aires, Argentina
_bEdiciones Lamiqué
_c2006
_c2015
300 _a38 páginas
_bilustraciones, fotografías a color
_c30 cm
336 _atexto
_btxt
_2rdacontent
337 _asin mediación
_bn
_2rdamedia
338 _avolumen
_bnc
_2rdacarrier
490 0 _aLas cosas no fueron siempre así
521 1 _aRecomendado para un público mayor de 12 años.
650 0 0 _aProyección cinematográfica
_xHistoria
_2LEMB
_959966
650 0 4 _aCine
_xHistoria
_2LEMB
_959967
650 0 0 _aActores
_2LEMB
_959968
700 1 _aFrenkel, Beatriz
_eeditora
_959969
700 1 _aBaredes, Carla
_eeditora
_959970
700 1 _aFontana, Patricio
_eautor
_959971
700 1 _aMedina, Pablo R.
_eautor
_959972
700 1 _aBasile, Javier
_eilustrador
_959973
942 _2ddc
_cBK
999 _c57222
_d57222